| 000 | 00588nam a22002297a 4500 | ||
|---|---|---|---|
| 003 | OSt | ||
| 005 | 20231026082302.0 | ||
| 008 | 150114b xxu||||| |||| 00| 0 eng d | ||
| 020 | _a 0702033863 | ||
| 020 | _a0702026255 | ||
| 040 | _cDNLM | ||
| 082 | _aWB18 B214c 2008 | ||
| 100 |
_aBaliga, R. R. _92436 |
||
| 245 | _a250 cases in Clinical Medicine | ||
| 250 | _a3rd ed. | ||
| 260 |
_aLondon : _bW. B Saunders ; _c2008. |
||
| 300 |
_axiv, 651 p : _bcol.ill _c25 cm |
||
| 504 | _aIncludes Index. | ||
| 650 |
_aClinical cases _9834 |
||
| 650 |
_aMCQs medicine _99120 |
||
| 942 |
_2z _cSLOAN |
||
| 999 |
_c906 _d906 |
||